00868nas a2200229Ia 4500001001600000003001000016008004100026040002500067041001300092100002300105210002700128222002700155245007400182250001100256260000900267501012300276300001400399362002400413500016700437650002300604700001100627A08/R099-37456 IT-MiCISF161014c99999999xx |||||||||||| ||und|| aIT-MiCISFcIT-MiCISF aITALIANO aTangorra Giovanni  aOrientamenti pastorali aOrientamenti pastorali 0aL'iniziazione cristiana dei ragazzi. E' tempo di innovazioni radicali a1a ed. c2003 bCISF - Centro Internazionale Studi Famiglia - Via Giotto, 36 20145 MILANO (non commercial uses only)cCopyright 2016 app. 21-75 an. 4, aprile [2003] aGiusti S., Loppa L., Luciani D., Mancini P., Meddi L., Pandolfi C., Sigalini D. Tema: pastorale-giovanile, operatori-pastorali, catechesi, famiglia, chiesa-locale aPASTORALEvdossier aAA.VV.